| 000 | 00746na a2200265 4500 | ||
|---|---|---|---|
| 001 | 15990 | ||
| 003 | MIRAKIL | ||
| 005 | 20181213154744.0 | ||
| 008 | 161001b tu 000 0 | ||
| 020 | _a9759275821 | ||
| 035 | _a15990 | ||
| 040 |
_aMilas _btur _cTR-AnCHP |
||
| 041 | _aeng | ||
| 082 |
_a813.42 _bO63c [200?] |
||
| 090 | _a813.42 O63c [200?] | ||
| 100 |
_aOrhan Kemal _d1914-1970 |
||
| 240 | _aCemile | ||
| 245 |
_aGemile _ba novel _cOrhan Kemal; translated by Cengiz Lugal |
||
| 260 |
_aİstanbul _bAnatolia publishing _c[200?] |
||
| 300 |
_a175 s. _c19 sm. |
||
| 500 | _aÖzgün yapıt adı: Cemile | ||
| 650 |
_aTürk edebiyatı _xRoman _yİngilizceye çeviriler |
||
| 657 | _aHükümlü edebiyatçılar | ||
| 942 |
_2ddc _cBKS |
||
| 999 |
_c326 _d326 |
||